| 000 | 00727nam a22002417a 4500 | ||
|---|---|---|---|
| 999 |
_c14473 _d14473 |
||
| 003 | AR-CdUCM | ||
| 008 | 190423b ||||| |||| 00| 0 spa d | ||
| 020 | _a978-84-16117-05-5 | ||
| 040 |
_aMUNICIPALIDAD PROVINCIAL DEL CUSCO _cBIBLIOTECA MUNICIPAL DEL CUSCO |
||
| 082 |
_aPI / 803 / _bS82 |
||
| 100 |
_aStower, Adam _933273 |
||
| 110 |
_aPicarona _933209 |
||
| 245 | _aOliver y el Troll / | ||
| 260 |
_aEspaƱa : _bEdiciones Obelisco, _c2014. |
||
| 300 |
_bilustraciones, graficos, dibujos, _c26 cm. |
||
| 500 | _aCuentos infantiles | ||
| 650 |
_aCuentos _9217 |
||
| 650 |
_aHistoria _9136 |
||
| 700 |
_aDelgado, Joana _933274 |
||
| 700 |
_aRodriguez, Jesus _933275 |
||
| 942 |
_2ddc _cLIBROS |
||
| 945 |
_apjha _d2019-04-23 |
||